<Das> Wissen für Bankkaufleute Bankbetriebslehre. Betriebswirtschaftslehre. Bankrecht. Wirtschaftsrecht. Rechnungswesen, Organisation, Datenverarbeitung
Salvato in:
| Autore principale: | |
|---|---|
| Natura: | Libro |
| Lingua: | tedesco |
| Pubblicazione: |
Wiesbaden
Gabler
1990
|
| Edizione: | 6. neubearb. u. erw. Aufl. |
| Serie: | Bankkaufleute
|
| Soggetti: | |
| Tags: |
Nessun Tag, puoi essere il primo ad aggiungerne!!
|
MARC
| LEADER | 00000nam a2200000 4500 | ||
|---|---|---|---|
| 001 | c006217 | ||
| 005 | 20221206122813.6 | ||
| 020 | |a 3-409-47039-5 | ||
| 041 | 0 | |a ger | |
| 044 | |a DE | ||
| 245 | 1 | 0 | |a <Das> Wissen für Bankkaufleute |b Bankbetriebslehre. Betriebswirtschaftslehre. Bankrecht. Wirtschaftsrecht. Rechnungswesen, Organisation, Datenverarbeitung |c Gerhard Lippe |
| 250 | |a 6. neubearb. u. erw. Aufl. | ||
| 264 | 1 | |a Wiesbaden |b Gabler |c 1990 | |
| 300 | |a 987 s. | ||
| 490 | 1 | |a Bankkaufleute | |
| 830 | 0 | |a Bankkaufleute | |
| 610 | 2 | 0 | |a banky |
| 610 | 2 | 0 | |a obchod |
| 610 | 2 | 0 | |a úver |
| 610 | 2 | 0 | |a papiere cenné |
| 610 | 2 | 0 | |a dane |
| 610 | 2 | 0 | |a právo obchodné |
| 610 | 2 | 0 | |a obchod zahraničný |
| 610 | 2 | 0 | |a peniaze |
| 610 | 2 | 0 | |a mena |
| 610 | 2 | 0 | |a zmluvy |
| 100 | 1 | |a Lippe, Gerhard | |